Health economics : (Record no. 345983)
[ view plain ]
| 000 -LEADER | |
|---|---|
| fixed length control field | 01194 a2200181 4500 |
| 020 ## - INTERNATIONAL STANDARD BOOK NUMBER | |
| International Standard Book Number | 032432071X |
| 020 ## - INTERNATIONAL STANDARD BOOK NUMBER | |
| International Standard Book Number | 9780324320718 |
| 090 ## - LOCALLY ASSIGNED LC-TYPE CALL NUMBER (OCLC); LOCAL CALL NUMBER (RLIN) | |
| -- | 3507 |
| -- | 3507 |
| 100 1# - MAIN ENTRY--PERSONAL NAME | |
| Personal name | Santerre, Rexford E. |
| 245 10 - TITLE STATEMENT | |
| Title | Health economics : |
| Remainder of title | theories, insights, and industry studies / |
| Statement of responsibility, etc. | Rexford E. Santerre. |
| 260 ## - PUBLICATION, DISTRIBUTION, ETC. | |
| Place of publication, distribution, etc. | [S.l.] : |
| Name of publisher, distributor, etc. | Thomson South-Western, |
| Date of publication, distribution, etc. | 2007. |
| 300 ## - PHYSICAL DESCRIPTION | |
| Extent | 586 p. ; |
| Dimensions | 24 cm. |
| 500 ## - GENERAL NOTE | |
| General note | Hardcover. |
| 520 ## - SUMMARY, ETC. | |
| Summary, etc. | This applied text shows how microeconomic theory can be used to understand the operation of health care markets, as well as to analyze problems and issues related to health care economics. Application cases illustrate issues concerning the consumption, production and distribution of health care services. The text is organized around the structure, conduct, performance and policy of institutions; and a non-technical regression analysis appendix assists students' understanding of of regression findings on empirical issues related to health care. |
| 856 40 - ELECTRONIC LOCATION AND ACCESS | |
| Materials specified | Amazon.com |
| Uniform Resource Identifier | <a href="http://www.amazon.com/exec/obidos/ASIN/032432071X/chopaconline-20">http://www.amazon.com/exec/obidos/ASIN/032432071X/chopaconline-20</a> |
| 856 40 - ELECTRONIC LOCATION AND ACCESS | |
| Materials specified | Amazon customer reviews |
| Uniform Resource Identifier | <a href="http://www.chopac.org/cgi-bin/tools/azrev.pl?q=032432071X">http://www.chopac.org/cgi-bin/tools/azrev.pl?q=032432071X</a> |
| 942 ## - ADDED ENTRY ELEMENTS (KOHA) | |
| Institution code [OBSOLETE] | NBS |
| Koha item type | Book |
| Call number prefix | 338.433621 SAN |
| Withdrawn status | Lost status | Damaged status | Not for loan | Permanent Location | Current Location | Date acquired | Total Checkouts | Total Renewals | Full call number | Barcode | Date last seen | Date last checked out | Price effective from | Koha item type |
|---|---|---|---|---|---|---|---|---|---|---|---|---|---|---|
| Central Library (CL) | Central Library (CL) | 08/28/2013 | 1 | 3 | 338.433621 SAN | NBS7884 | 05/24/2022 | 08/09/2017 | 08/28/2013 | Book |
